000 00584nam a2200205Ii 4500
003 JO-AjNU
008 230606s9999||||xx |||||||||||||| ||und||
020 _a0-07- 881799- 4
040 _aJO-AjNU
_beng
_erda
_cJO-AjNU
041 _aeng
050 1 4 _aQA76.73 1993
100 3 _aFeibel, Werner,
_eauthor
_96091
245 0 0 _aTURBO PASCAL 7 HANDBOOK
264 3 1 _aNew York: McGraw Hill, 1993
300 _a836p
336 _atext
_btxt
_2rdacontent
337 _aunmediated
_bn
_2rdamedia
338 _avolume
_bnc
_2rdacarrier
650 4 _aPascal (Computer program language)
_96092
999 _aE3161
_c3157
_d3157